000 01616nam a2200373 c 4500
003 BLK
005 20240920084345.0
008 180408b bul|||||r ||||||| ||bul||
010 _aKNG00084419000
020 _a978-954-509-398-2
_bиздат.: Воен. изд.
040 _aBLK
041 _aBUL
_cBUL
080 _aОбществено управление. Публична администрация
_b351/354
_x(042.3)
_z351/354(042.3)
080 _aМетоди на управление. Мениджмънт. Анализи, планиране, ръководство, сътрудничество, контрол, коопериране и др.
_b005.5
_x(042.3)
_z005.5(042.3)
100 _aТанев, Тодор Александров
_9372269
139 _aТанев, Тодор Александров
_bТ 29
245 1 0 _aСтратегическо управление на публичната сфера
_cТодор Александров Танев.
257 _aBGR
260 София
_bВоен. изд.
_c2008
300 _a359 с.
_c24 см
380 _a3
500 _aБиблиогр. с. 355-357.
504 _a355-357
650 4 _aАдминистрация - управление и организация
_9259918
653 _aпублична администрация
653 _aуправление
653 _aучебници за ВУЗ
852 _aЦб 240498
856 4 _qpdf
_u
856 4 _qpdf
_u
942 _cKNG
_n0
_01
944 _aCR
_c19.06.2008
_lКети Илиева
_k30550
944 _aED
_c29.12.2009
_lф /
_k
999 _c79936
_d79936